[Event "Moscow ACF Botvinnik Memorial"]
[Site "Moscow"]
[Date "2018.08.10"]
[Round "1.6"]
[White "Sunnatov, Mirfayz"]
[Black "Paichadze, Luka"]
[Result "0-1"]
[WhiteElo "1868"]
[BlackElo "2564"]
[PlyCount "50"]
[EventDate "2018.08.10"]
[EventType "team-swiss"]
[EventRounds "7"]
[EventCountry "RUS"]
[SourceTitle "CBM 186 Extra"]
[Source "ChessBase"]
[SourceDate "2018.08.24"]
[SourceVersion "1"]
[SourceVersionDate "2018.08.24"]
[SourceQuality "1"]
[WhiteTeam "Uzbekistan"]
[BlackTeam "Georgia"]
[WhiteTeamCountry "UZB"]
[BlackTeamCountry "GEO"]

1. d4 Nf6 2. Bg5 e6 3. e4 h6 4. Bxf6 Qxf6 5. c3 d6 6. Nf3 g6 7. Nbd2 Bg7 8. Bd3 0-0 9. 0-0 Nd7 10. Re1 Qe7 11. e5 dxe5 12. Nxe5 Nxe5 13. dxe5 Rd8 14. Nf3 Bd7 15. Qe2 Qc5 16. Nd4 Qb6 17. Rad1 c5 18. Nf3 Bc6 19. b3 Qa5 20. c4 Bxf3 21. gxf3 Rd7 22. f4 Rad8 23. Rd2 Rxd3 24. Rxd3 Rxd3 25. Qxd3 Qxe1+ 0-1